حلول نموذجية في التكاليف الصناعية لطلبة السنة الثالثة بكلية التجارة / (رقم التسجيلة. 18751)
[ عرض عادي ]
| 000 -LEADER | |
|---|---|
| fixed length control field | 00656nam a22001697a 4500 |
| 005 - DATE AND TIME OF LATEST TRANSACTION | |
| control field | 20251108164954.0 |
| 008 - FIXED-LENGTH DATA ELEMENTS--GENERAL INFORMATION | |
| fixed length control field | 250721s1970 xx 000 0 ara d |
| 082 14 - DEWEY DECIMAL CLASSIFICATION NUMBER | |
| Classification number | 657.4076/أحم |
| 100 1# - MAIN ENTRY--PERSONAL NAME | |
| Personal name | إبراهيم، أحمد أبو مندور |
| 245 10 - TITLE STATEMENT | |
| Title | حلول نموذجية في التكاليف الصناعية لطلبة السنة الثالثة بكلية التجارة / |
| 264 1# - PRODUCTION, PUBLICATION, DISTRIBUTION, MANUFACTURE, AND COPYRIGHT NOTICE | |
| Place of production, publication, distribution, manufacture | الإسكندريه : |
| Name of producer, publisher, distributor, manufacturer | جامعة الإسكندريه - دار الجامعات المصرية، |
| Date of production, publication, distribution, manufacture, or copyright notice | 1970. |
| 300 ## - PHYSICAL DESCRIPTION | |
| Extent | 304ص : جداول |
| 650 17 - SUBJECT ADDED ENTRY--TOPICAL TERM | |
| Topical term or geographic name as entry element | المحاسبة |
| 650 17 - SUBJECT ADDED ENTRY--TOPICAL TERM | |
| Topical term or geographic name as entry element | محاسبة التكاليف |
| 942 ## - ADDED ENTRY ELEMENTS (KOHA) | |
| Source of classification or shelving scheme | Dewey Decimal Classification |
| Koha item type | كتب |
| حالة السحب | حالة الفقدان | مصدر التصنيف | حالة التلف | غير قابل للإعارة | المكتبة الرئيسية | المكتبة الحالية | موقع الرف | تاريخ التزويد | الرقم المتسلسل | Total Checkouts | رقم الإستدعاء | الباركود | تاريخ آخر ظهور | تاريخ الفاتورة | نوع المادة (كوها) |
|---|---|---|---|---|---|---|---|---|---|---|---|---|---|---|---|
| Dewey Decimal Classification | المكتبة المركزية | المكتبة المركزية | الإعارة | 06/07/2004 | 53360 | 657.4076/أحم | 53360 | 28/07/2025 | 06/07/2004 | كتب |